MARC

LEADER 00000nas a2200000 a 4500
001 ssj0038462
003 WaSeSS
005 20200512172242.0
006 m d
007 cr n
008 010815d199u2011ir qr p s 0 0eng
010 |a  2002243031 
016 7 |a 101125969  |2 DNLM 
022 |a 2008-2231  |l 1560-8115  |y 1560-8115 
035 |a (WaSeSS)ssj0038462 
040 |a NLM  |b eng  |c NLM  |d CS1  |d CUS  |d CDS  |d OCLCQ  |d AGL  |d OCLCQ  |d NLM  |d OCLCQ  |d OCLCF  |d CUS  |d EUW  |d OCLCO  |d OCLCQ  |d RDF  |d OCLCO  |d OCLCQ  |d OCLCO  |d CUS  |d WaSeSS 
042 |a pcc 
050 4 |a RM1  |b .D37 
060 0 0 |a W1  |b DA85 
070 0 |a RM1  |b .D37 
072 0 |a X380 
245 0 0 |a Daru  |h [electronic resource] :  |b journal of Faculty of Pharmacy, Tehran University of Medical Sciences. 
246 3 |a Journal of Faculty of Pharmacy, Tehran University of Medical Sciences 
260 |a Tehran, Iran :  |b Faculty of Pharmacy, Tehran University of Medical Sciences. 
310 |a Quarterly 
362 1 |a Ceased with vol. 19, no. 6 (2011). 
506 |a License restrictions may limit access. 
588 |a Description based on: Vol. 7, no. 3 (1999); title from cover. 
588 |a Latest issue consulted: Vol. 15, no. 4 (winter 2007). 
650 0 |a Pharmacology  |v Periodicals. 
650 0 |a Drug development  |v Periodicals. 
650 1 2 |a Pharmacology. 
650 2 2 |a Drug Therapy. 
650 2 2 |a Pharmaceutical Preparations. 
650 7 |a Drug development.  |2 fast  |0 (OCoLC)fst00898670 
650 7 |a Pharmacology.  |2 fast  |0 (OCoLC)fst01060259 
655 0 |a Electronic journals. 
710 2 |a Dānishgāh-i ʻUlūm-i Pizishkī-i Tihrān.  |b Dānishkadah-ʼi Dārūʹsazī. 
776 1 |t Daru  |w (OCoLC)60654029 
780 0 0 |t Journal of the School of Pharmacy  |w (DLC) 2002243032  |w (OCoLC)48922446 
850 |a DNLM  |a DNAL 
856 4 0 |z Full text available from Research Library: 01/01/2010 to 01/31/2017  |u https://search.proquest.com/publication/105782